| 000 | 00549nam a22001817a 4500 | ||
|---|---|---|---|
| 003 | BUBTL | ||
| 008 | 190108b xxu||||| |||| 00| 0 eng d | ||
| 082 | _a428.0071/ M1471m/ 2003 | ||
| 100 |
_aMcDonough, Jo _94791 |
||
| 245 |
_aMaterials and Methods in ELT : a teacher's guide / _bJo McDonough and Christopher Shaw |
||
| 250 | _a2nd Edn. | ||
| 260 |
_a New Delhi _bBlackwell Publishing _cc2003 |
||
| 300 |
_a279p. _bPictures |
||
| 500 | _aIncludes index | ||
| 650 | _bEnglish Language | ||
| 856 |
_k0 _l0 _yDownload |
||
| 942 |
_2ddc _cBK _e2nd Edn. |
||
| 999 |
_c5859 _d5859 |
||